<?xml version="1.0" encoding="UTF-8"?>
<record
    xmlns:xsi="http://www.w3.org/2001/XMLSchema-instance"
    xsi:schemaLocation="http://www.loc.gov/MARC21/slim http://www.loc.gov/standards/marcxml/schema/MARC21slim.xsd"
    xmlns="http://www.loc.gov/MARC21/slim">

  <leader>04011cam a2200481 i 4500</leader>
  <controlfield tag="001">10694350</controlfield>
  <controlfield tag="003">OSt</controlfield>
  <controlfield tag="005">20151013160743.0</controlfield>
  <controlfield tag="008">130731s2014    moua     b    001 0 eng  </controlfield>
  <datafield tag="015" ind1=" " ind2=" ">
    <subfield code="a">GBB378963</subfield>
    <subfield code="2">bnb</subfield>
  </datafield>
  <datafield tag="016" ind1="7" ind2=" ">
    <subfield code="a">101622640</subfield>
    <subfield code="2">DNLM</subfield>
  </datafield>
  <datafield tag="016" ind1="7" ind2=" ">
    <subfield code="a">016488758</subfield>
    <subfield code="2">Uk</subfield>
  </datafield>
  <datafield tag="020" ind1=" " ind2=" ">
    <subfield code="a">9780323096102 (hbk.)</subfield>
  </datafield>
  <datafield tag="020" ind1=" " ind2=" ">
    <subfield code="a">0323096107 (hbk.)</subfield>
  </datafield>
  <datafield tag="029" ind1="0" ind2=" ">
    <subfield code="a">NLM</subfield>
    <subfield code="b">101622640</subfield>
  </datafield>
  <datafield tag="029" ind1="1" ind2=" ">
    <subfield code="a">AU@</subfield>
    <subfield code="b">000052305138</subfield>
  </datafield>
  <datafield tag="029" ind1="1" ind2=" ">
    <subfield code="a">NZ1</subfield>
    <subfield code="b">15175881</subfield>
  </datafield>
  <datafield tag="035" ind1=" " ind2=" ">
    <subfield code="a">(OCoLC)ocn858005418</subfield>
  </datafield>
  <datafield tag="035" ind1=" " ind2=" ">
    <subfield code="a">(OCoLC)858005418</subfield>
    <subfield code="z">(OCoLC)838417993</subfield>
  </datafield>
  <datafield tag="035" ind1=" " ind2=" ">
    <subfield code="a">(NNC)10694350</subfield>
  </datafield>
  <datafield tag="040" ind1=" " ind2=" ">
    <subfield code="a">NLM</subfield>
    <subfield code="b">eng</subfield>
    <subfield code="e">rda</subfield>
    <subfield code="c">NLM</subfield>
    <subfield code="d">UKMGB</subfield>
    <subfield code="d">YUM</subfield>
    <subfield code="d">YDXCP</subfield>
    <subfield code="d">FYQ</subfield>
    <subfield code="d">NEH</subfield>
    <subfield code="d">MMU</subfield>
  </datafield>
  <datafield tag="042" ind1=" " ind2=" ">
    <subfield code="a">nlmcopyc</subfield>
  </datafield>
  <datafield tag="050" ind1=" " ind2="4">
    <subfield code="a">RG951</subfield>
    <subfield code="b">.W87 2013</subfield>
  </datafield>
  <datafield tag="060" ind1="0" ind2="0">
    <subfield code="a">WY 157.3</subfield>
    <subfield code="b">P462m 2014</subfield>
  </datafield>
  <datafield tag="082" ind1="0" ind2="4">
    <subfield code="a">618.9200231</subfield>
    <subfield code="2">23</subfield>
    <subfield code="b">PSM</subfield>
  </datafield>
  <datafield tag="100" ind1="1" ind2=" ">
    <subfield code="a">Perry, Shannon E.,</subfield>
    <subfield code="e">author.</subfield>
    <subfield code="9">47764</subfield>
  </datafield>
  <datafield tag="245" ind1="1" ind2="0">
    <subfield code="a">Maternal child nursing care /</subfield>
    <subfield code="c">Shannon E. Perry, RN, PhD, FAAN, Marilyn J. Hockenberry, PhD, RN-CS, PNP, FAAN, Deitra Leonard Lowdermilk, RNC, PhD, FAAN, and David Wilson, MS, RN, C (NIC).</subfield>
  </datafield>
  <datafield tag="250" ind1=" " ind2=" ">
    <subfield code="a">Fifth edition.</subfield>
  </datafield>
  <datafield tag="300" ind1=" " ind2=" ">
    <subfield code="a">xxxii, 1690 pages :</subfield>
    <subfield code="b">color illustrations ;</subfield>
    <subfield code="c">28 cm</subfield>
  </datafield>
  <datafield tag="500" ind1=" " ind2=" ">
    <subfield code="a">Preceded by Maternal child nursing care / Shannon E. Perry ... [et al.]. 4th ed. c2010.</subfield>
  </datafield>
  <datafield tag="504" ind1=" " ind2=" ">
    <subfield code="a">Includes bibliographical references and index.</subfield>
  </datafield>
  <datafield tag="505" ind1="0" ind2=" ">
    <subfield code="a">Unit 1. Introduction to maternal nursing -- 21st century maternity nursing -- Community care: the family and culture -- Unit 2. Reproductive years -- Assessment and health promotion -- Reproductive System Concerns -- Infertility, contraception, and abortion -- Unit 3. Pregnancy -- Genetics, conception, and fetal development -- Anatomy and physiology of pregnancy -- Nursing care of the family during pregnancy -- Maternal and fetal nutrition -- Assessment of high risk pregnancy -- High risk perinatal care: preexisting conditions -- High risk perinatal care: gestational conditions -- Unit 4. Childbirth -- Labor and birth processes -- Pain management -- Fetal assessment during labor -- Nursing care of the family during labor and birth -- Labor and birth complications -- Unit 5. Postpartum period -- Maternal physiologic changes -- Nursing care of the family during the postpartum period -- Transition to parenthood -- Postpartum complications -- Unit 6. Newborn -- Physiologic adaptations of the newborn -- Nursing care of the newborn and family -- Newborn nutrition and feeding -- The high risk newborn --</subfield>
  </datafield>
  <datafield tag="505" ind1="0" ind2=" ">
    <subfield code="a">Unit 7. Children, their families, and the nurse -- 21st century pediatric nursing -- Family, social, cultural, and religious influences on child health promotion -- Developmental and genetic influences on child health promotion -- Unit 8. Assessment of the child and family -- Communication, history, and physical assessment -- Pain assessment and management -- Unit 9. Health promotion and special health problems -- The infant and family -- The toddler and family -- The preschooler and family -- The school-age child and family -- The adolescent and family -- Unit 10. Special needs, illness, and hospitalization -- Chronic illness, disability, and end-of-life care -- Cognitive and sensory impairment -- Family-centered care of the child during illness and hospitalization -- Pediatric variations of nursing interventions -- Unit 11. Health problems of children -- Respiratory dysfunction -- Gastrointestinal dysfunction -- Cardiovascular dysfunction -- Hematologic and immunologic dysfunction -- Genitourinary dysfunction -- Cerebral dysfunction -- Endocrine dysfunction -- Integumentary dysfunction -- Musculoskeletal or articular dysfunction -- Neuromuscular or muscular dysfunction.</subfield>
  </datafield>
  <datafield tag="650" ind1=" " ind2="0">
    <subfield code="a">Maternity nursing.</subfield>
    <subfield code="9">52189</subfield>
  </datafield>
  <datafield tag="650" ind1=" " ind2="0">
    <subfield code="a">Pediatric nursing.</subfield>
    <subfield code="9">52190</subfield>
  </datafield>
  <datafield tag="650" ind1="1" ind2="2">
    <subfield code="a">Maternal-Child Nursing.</subfield>
    <subfield code="9">52191</subfield>
  </datafield>
  <datafield tag="650" ind1="2" ind2="2">
    <subfield code="a">Pediatric Nursing.</subfield>
    <subfield code="9">52192</subfield>
  </datafield>
  <datafield tag="700" ind1="1" ind2=" ">
    <subfield code="a">Hockenberry, Marilyn J.,</subfield>
    <subfield code="e">author.</subfield>
    <subfield code="9">52193</subfield>
  </datafield>
  <datafield tag="700" ind1="1" ind2=" ">
    <subfield code="a">Lowdermilk, Deitra Leonard,</subfield>
    <subfield code="e">author.</subfield>
    <subfield code="9">47763</subfield>
  </datafield>
  <datafield tag="700" ind1="1" ind2=" ">
    <subfield code="a">Wilson, David,</subfield>
    <subfield code="d">1950 August 25-,</subfield>
    <subfield code="e">author.</subfield>
    <subfield code="9">49806</subfield>
  </datafield>
  <datafield tag="942" ind1=" " ind2=" ">
    <subfield code="2">ddc</subfield>
    <subfield code="c">BOOK</subfield>
  </datafield>
  <datafield tag="999" ind1=" " ind2=" ">
    <subfield code="c">38408</subfield>
    <subfield code="d">272908</subfield>
  </datafield>
  <datafield tag="952" ind1=" " ind2=" ">
    <subfield code="1">0</subfield>
    <subfield code="2">2015-10-13</subfield>
    <subfield code="4">0</subfield>
    <subfield code="7">0</subfield>
    <subfield code="a">618.9200231 PSM</subfield>
    <subfield code="d">2015-10-13</subfield>
    <subfield code="h">CL</subfield>
    <subfield code="i">00654117</subfield>
    <subfield code="m">CL</subfield>
    <subfield code="r">2015-10-13 00:00:00</subfield>
    <subfield code="t">BOOK</subfield>
    <subfield code="w">ddc</subfield>
    <subfield code="y">0</subfield>
  </datafield>
  <datafield tag="952" ind1=" " ind2=" ">
    <subfield code="1">0</subfield>
    <subfield code="2">2015-10-13</subfield>
    <subfield code="4">0</subfield>
    <subfield code="7">0</subfield>
    <subfield code="a">618.9200231 PSM</subfield>
    <subfield code="d">2015-10-13</subfield>
    <subfield code="h">CL</subfield>
    <subfield code="i">00654118</subfield>
    <subfield code="m">CL</subfield>
    <subfield code="r">2015-10-13 00:00:00</subfield>
    <subfield code="t">BOOK</subfield>
    <subfield code="w">ddc</subfield>
    <subfield code="y">0</subfield>
  </datafield>
  <datafield tag="952" ind1=" " ind2=" ">
    <subfield code="1">0</subfield>
    <subfield code="2">2015-10-13</subfield>
    <subfield code="4">0</subfield>
    <subfield code="7">0</subfield>
    <subfield code="a">618.9200231 PSM</subfield>
    <subfield code="d">2015-10-13</subfield>
    <subfield code="h">CL</subfield>
    <subfield code="i">00654119</subfield>
    <subfield code="m">CL</subfield>
    <subfield code="r">2015-10-13 00:00:00</subfield>
    <subfield code="t">BOOK</subfield>
    <subfield code="w">ddc</subfield>
    <subfield code="y">0</subfield>
  </datafield>
  <datafield tag="952" ind1=" " ind2=" ">
    <subfield code="1">0</subfield>
    <subfield code="2">2015-10-15</subfield>
    <subfield code="4">0</subfield>
    <subfield code="7">0</subfield>
    <subfield code="a">618.9200231 PSM</subfield>
    <subfield code="d">2015-10-15</subfield>
    <subfield code="h">EMF</subfield>
    <subfield code="i">00654467</subfield>
    <subfield code="m">AMF</subfield>
    <subfield code="q">2017-04-26</subfield>
    <subfield code="r">2017-04-26 00:00:00</subfield>
    <subfield code="s">2017-05-26</subfield>
    <subfield code="t">BOOK</subfield>
    <subfield code="w">ddc</subfield>
    <subfield code="y">1</subfield>
  </datafield>
  <datafield tag="952" ind1=" " ind2=" ">
    <subfield code="1">0</subfield>
    <subfield code="2">2015-10-15</subfield>
    <subfield code="4">0</subfield>
    <subfield code="7">0</subfield>
    <subfield code="a">618.9200231 PSM</subfield>
    <subfield code="d">2015-10-15</subfield>
    <subfield code="h">AMF</subfield>
    <subfield code="i">00654468</subfield>
    <subfield code="m">AMF</subfield>
    <subfield code="q">2020-02-04</subfield>
    <subfield code="r">2020-12-24 00:00:00</subfield>
    <subfield code="t">BOOK</subfield>
    <subfield code="w">ddc</subfield>
    <subfield code="y">1</subfield>
  </datafield>
</record>
